| 000 | 01593nam a2200205 b 4500 | ||
|---|---|---|---|
| 005 | 20241003120204.0 | ||
| 008 | 220701s9999 xx 000 1 und d | ||
| 020 |
_a9780620890809 _qpbk |
||
| 040 |
_aRDA _cOCLC |
||
| 041 | _2E | ||
| 082 | _aEF SHAB | ||
| 100 |
_aShabangu, Pumza _9159284 |
||
| 245 | 0 |
_aStrum my pain _cby Pumza Shabangu |
|
| 260 |
_aSouth Africa; _bAkwande Publishing; _c2020. |
||
| 300 |
_a243 pages _c21 cm |
||
| 500 | _aNdoniyamanzi Zwane is an orphan who has hardened herself against the harsh realities of her world. She dreams of a future where she can leave her small town to complete her studies and become an architect even though the odds are stacked against her. The pain she has been subjected to makes it impossible for anyone to break down her walls until one hot night with an enigmatic Lusanda Ngcobo turn her life on it axis Lusanda is a self-proclaimed playboy who has his life already planned for him. He has no time nor the inclination for love. He prefers playmates that know the score – to have a good time with no strings attached. When a passionate night with a dark beauty comes with the possibility of complication, he has no choice but to chase after her. As they find each other again, it becomes a battle of wills and passion between the two. With so many obstacles in their way and deep-seated layers of pain, will they be able to find love and strum each other’s pain away, or will they succumb to the pressure of expectations? | ||
| 942 |
_w561 _xJohn Tresidder _y174 _zSanet Schoeman |
||
| 942 |
_2ddc _cBOOK |
||
| 942 |
_cBOOK _2ddc |
||
| 999 |
_c705297 _d705296 |
||